000 00933nam0a22002771 4500
001 2563556
005 20260407130915.0
021 _aRU
_b79-49179
035 _a(NLR Aleph) 006448401
090 _a5712854
_c5712854
100 _a20110316d1979 u y0rusy50 ca
101 0 _arus
102 _aRU
105 _ay z |||||
200 1 _aЗакон Союза Советских Социалистических республик о порядке отзыва депутатов Верховного Совета СССР
210 _aМосква
_cБ. и.
_d1979
215 _a12 с.
_d14
686 _aХ620.527.21-328.1"1979"2
_2rubbk
740 1 _aСССР
_tЗаконы и постановления
_3RU\NLR\AUTH\889980004
_9456309
801 0 _aRU
_bNLR
_gpsbo
801 1 _aRU
_bELAR
_2rusmarc
852 _aNLR
_jDesideratum
899 _aRuMoRGB
_jB 79-25/211
899 _aRuMoRGB
_jB 79-25/212
942 _cBOOK
980 _aNB